| 000 | 00658nam a22001817a 4500 | ||
|---|---|---|---|
| 003 | OSt | ||
| 005 | 20260409135542.0 | ||
| 008 | 260409b |||||||| |||| 00| 0 eng d | ||
| 020 | _a9783319818917 | ||
| 040 | _cn | ||
| 082 | _a621.042 K66 2018 | ||
| 100 | _akonis, Kyle | ||
| 245 |
_aEffective Daylighting with High-Performance Facades: Emerging Design Practices / _cKyle Konis & Stephen Selkowitz |
||
| 260 | _bSpringer International Publishing, Cham, Switzerland. 2018 | ||
| 300 | _axvi, 269 pages : illustrations ; 24 cm | ||
| 650 | _aDaylighting – Building facades – Energy-efficient buildings – Sustainable architecture | ||
| 942 |
_2ddc _cBK-EN _n0 |
||
| 999 |
_c8825 _d8825 |
||